00717cam a22002293a 450000100060000000300060000600500170001200800410002904000150007004200070008505000070009210000540009924501050015326000290025850600300028751600200031765300400033765300130037765300260039083000290041685600420044529673PGUSA20140828083636.0090812s2009||||xxu|||||s|||||000 | eng d aPGUSAbeng adc 4aHB1 aLipman, Frederick L.q(Frederic Lockwood),d1866-10aCreating Capital :bMoney-making as an aim in businessh[electronic resource] /cFrederick L. Lipman bProject Gutenberg,c2009 aPublic domain in the USA. aElectronic text aWealth -- Moral and ethical aspects aBusiness aSaving and investment 0aProject Gutenbergv2967340uhttp://www.gutenberg.org/ebooks/29673